| 000 | 01081nam a2200289Ia 4500 | ||
|---|---|---|---|
| 003 | OSt | ||
| 005 | 20220930092620.0 | ||
| 006 | a|||||r|||| 00| 0 | ||
| 007 | ta | ||
| 008 | 220926b |||||||| |||| 00| 0 eng d | ||
| 024 | _a23450 | ||
| 037 | _cTheses | ||
| 040 |
_aCRL _cCRL _beng |
||
| 041 |
_2eng _aeng |
||
| 100 |
_aRana Anubhuti _9549287 |
||
| 110 |
_aUniversity Of Delhi. Faculty Of Medical Sciences. Department Of Obstetric and Gynaecology _9549288 |
||
| 245 | 0 | _aDelayed versus early umbilical cord clamping in preterm neonates of less than 34 weeks of gestation | |
| 260 | _c2015 | ||
| 650 | _aWOMEN - DISEASES | ||
| 700 |
_a Dr. Gauri Gandhi Gu. _9533714 |
||
| 700 |
_a Dr. Krishana Aagarwal Gu. _9549289 |
||
| 700 |
_a Dr. Latika Sahu Gu. _9545130 |
||
| 700 |
_a Dr. S. Ramji Gu. _9532675 |
||
| 700 |
_aUniversity Of Delhi. Faculty Of Medical Sciences. Department Of Obstetric and Gynaecology _9549290 |
||
| 942 |
_cDIS _2CC |
||
| 999 |
_c884051 _d884051 |
||